000 00420nam a2200145 i 4500
001 99518
003 ES-MaACL
005 20230906182517.0
007 t|
008 050912s1908 ag ||||1| spa d
100 1 _aMartínez, Juan Angel.
_977775
245 1 0 _aTratamiento del delito /
_cJuan Angel Martínez.
260 _aLa Plata (Argentina) :
_b[s.n.],
_c1908.
852 _aES-MaACL
_j1592-F-18
999 _c99518
_d99518